[Event "Oruro Baptista Memorial"]
[Site "Oruro"]
[Date "2023.11.01"]
[Round "1"]
[White "Patzi Rodriguez, Kevin"]
[Black "Perez Gormaz, Matias Ariel"]
[Result "0-1"]
[WhiteElo "1273"]
[BlackElo "2400"]
[PlyCount "64"]
[EventDate "2023.11.01"]
[EventType "swiss"]
[EventRounds "9"]
[EventCountry "BOL"]
[SourceTitle "Mega2024 Update 01"]
[Source "Chessbase"]
[SourceDate "2023.11.12"]
[SourceVersion "1"]
[SourceVersionDate "2023.11.12"]
[SourceQuality "1"]

1. e4 c6 2. d4 d5 3. exd5 cxd5 4. Nf3 Nc6 5. Bf4 Bg4 6. Be2 Qb6 7. Nbd2 e6 8. 0-0 Nf6 9. b3 Bb4 10. Be3 Bc3 11. Rb1 Qc7 12. Ne5 Bxe2 13. Qxe2 Nxe5 14. dxe5 Bxe5 15. Nf3 0-0 16. c4 Bd6 17. c5 Be7 18. Bd4 Ne4 19. Rfc1 f6 20. b4 e5 21. Be3 Rad8 22. Qc2 f5 23. Rb3 d4 24. Bd2 Bf6 25. b5 Qf7 26. c6 Rc8 27. c7 Qe6 28. Qb1 Nxd2 29. Nxd2 Bg5 30. Qb2 Rf7 31. b6 Bxd2 32. Qxd2 axb6 0-1